Translation and quality
Saved in:
| Hovedforfatter: | |
|---|---|
| Format: | Bog |
| Sprog: | engelsk |
| Udgivet: |
Clevedon
Muktilingual Matters LTD
1998
|
| Serier: | Current Issues in Language and Society
|
| Fag: | |
| Tags: |
Tilføj Tag
Ingen Tags, Vær først til at tagge denne postø!
|
MARC
| LEADER | 00000nam a2200000 a 4500 | ||
|---|---|---|---|
| 001 | UCP9551 | ||
| 003 | CL-VaPUC | ||
| 008 | 000331e19980000uk |||||||||||||||||eng|d | ||
| 020 | |a 1853594148 | ||
| 082 | 0 | 4 | |a 418.02 |b SCH |2 21 |
| 100 | 0 | |a Schaffner, Christina |e author |9 440181 | |
| 245 | 1 | 0 | |a Translation and quality |
| 300 | |a 89 p | ||
| 942 | |c BK | ||
| 945 | |d 20000331 00:00:00 |a rbrito | ||
| 260 | |a Clevedon |b Muktilingual Matters LTD |c 1998 | ||
| 650 | 0 | |a Traducción |9 357261 | |
| 650 | 0 | |a Interpretación |9 258846 | |
| 650 | 0 | |a Lingüística aplicada |9 313266 | |
| 583 | |a last modification |c 20171127 01:30:24 |k Rodrigo Vera | ||
| 490 | 0 | |a Current Issues in Language and Society | |
| 999 | |c 286355 |d 286353 | ||
| 952 | |0 0 |1 0 |4 0 |6 418_020000000000000_SCH_1998 |7 0 |8 A |9 332138 |a BIBEDU |b BIBEDU |d 2019-11-20 |i 3603865 |o 418.02 SCH 1998 |p 3603865 |r 2019-11-20 |w 2019-11-20 |y BK |k CIT | ||